| 000 | 00580nam a22001817a 4500 | ||
|---|---|---|---|
| 999 |
_c178281 _d178281 |
||
| 005 | 20210324124333.0 | ||
| 010 | _aENG-129280 | ||
| 020 |
_a9788179665060 _c100.00 |
||
| 035 | _aEN-112812 | ||
| 037 | _bDBAD/PUB | ||
| 082 | _a331.544 | ||
| 100 | _aMANIAN, SURABHARATHI | ||
| 245 |
_aMIGRATION 2.0/ _cSUBRABHARATHI MANIAN |
||
| 260 |
_bEmerald Publishers _c2018 |
||
| 270 |
_minfo@emerladpublishers.com _a15A, first floor , Casa Major Road Egmore, _bChennai _e600008 _k+91 4428193206 , 42146994 |
||
| 300 |
_a67p. _c22cm(pbk) |
||
| 942 |
_2ddc _cEN _h331.544 _mMAN |
||